Districts/Arrondissements d'Istanbul sur une carte - Statistiques

Statistiques générales
  • Ce quiz a été pris 52 fois
  • Le résultat moyen est 13 sur 39
Réponses sur la Carte
Les réponses sont colorées sur une échelle allant du rouge au vert en fonction du pourcentage des utilisateurs qui les ont devinées à leur premier essai. Vous pouvez retrouver ces pourcentages ci-dessous.
 
Statistiques - réponses
District Population (2017) % Correct
Kadıköy 451 453
82%
Beşiktaş 185 447
76%
Üsküdar 533 570
76%
Fatih 433 873
73%
Beyoğlu 236 606
69%
Eyüp 381 114
42%
Arnavutköy 261 655
40%
Başakşehir 396 729
40%
Pendik 698 260
40%
Şişli 274 196
38%
Ümraniye 699 901
38%
Adalar (Îles des princes) 14 907
33%
Kartal 463 433
33%
Maltepe 497 586
33%
Şile 35 131
33%
Beykoz 251 087
31%
Sarıyer 344 876
31%
Bakırköy 222 370
29%
Esenyurt 846 492
27%
Kağıthane 442 694
27%
Zeytinburnu 287 378
27%
Büyükçekmece 243 474
24%
Küçükçekmece 770 393
24%
Ataşehir 423 372
22%
Avcılar 435 682
22%
Bahçelievler 598 454
22%
Beylikdüzü 314 670
22%
Esenler 454 569
22%
Tuzla 252 923
22%
Bağcılar 748 483
20%
Çatalca 69 057
20%
Silivri 180 524
20%
Sultangazi 528 514
20%
Çekmeköy 248 859
18%
Gaziosmanpaşa 497 959
18%
Bayrampaşa 274 197
16%
Sultanbeyli 329 985
16%
Güngören 296 967
11%
Sancaktepe 402 391
11%
Aucun quiz correspondant
Distribution des résultats
% des personnes avec chaque résultat
Percentile par nombre de réponses
Votre historique - résultats
Vous n’avez pas pris ce quiz